Obstetrics in the 1990'S: (Record no. 9232)

MARC details
000 -LEADER
fixed length control field 00590nam a22001937a 4500
003 - CONTROL NUMBER IDENTIFIER
control field OSt
005 - DATE AND TIME OF LATEST TRANSACTION
control field 20240717123857.0
008 - FIXED-LENGTH DATA ELEMENTS--GENERAL INFORMATION
fixed length control field 240717b |||||||| |||| 00| 0 eng d
020 ## - INTERNATIONAL STANDARD BOOK NUMBER
International Standard Book Number 0901260932
040 ## - CATALOGING SOURCE
Original cataloging agency DDC
Transcribing agency MUST
082 ## - DEWEY DECIMAL CLASSIFICATION NUMBER
Classification number WQ 100.O7 1992.
100 ## - MAIN ENTRY--PERSONAL NAME
Personal name Edited by T.Chard M.P.M. Richards
9 (RLIN) 18843
245 ## - TITLE STATEMENT
Title Obstetrics in the 1990'S:
Remainder of title Current Controversies
Statement of responsibility, etc. Edited by T.Chard M.P.M. Richards
260 ## - PUBLICATION, DISTRIBUTION, ETC. (IMPRINT)
Place of publication, distribution, etc. London:
Name of publisher, distributor, etc. Mac Keith Press.
Date of publication, distribution, etc. 1992.
300 ## - PHYSICAL DESCRIPTION
Extent 249p.:
Other physical details ill,;
Dimensions 24.5cm.
504 ## - BIBLIOGRAPHY, ETC. NOTE
Bibliography, etc Includes Bibliographical Indexes
650 ## - SUBJECT ADDED ENTRY--TOPICAL TERM
Topical term or geographic name as entry element Obstetrics
9 (RLIN) 5
942 ## - ADDED ENTRY ELEMENTS (KOHA)
Source of classification or shelving scheme Other/Generic Classification Scheme
Koha item type Open Shelf
Holdings
Withdrawn status Lost status Source of classification or shelving scheme Damaged status Not for loan Home library Current library Source of acquisition Inventory number Total Checkouts Full call number Barcode Date last seen Koha item type
    Other/Generic Classification Scheme     MUST Main Library MUST Main Library Donation 97/11631   WQ 100.O7 1992. 2024-22024 17/07/2024 Open Shelf